Manual imprescindible de gestión de redes en PYMES y centros educativos (Registro nro. 283)
[ vista simple ]
| 000 -CABECERA | |
|---|---|
| campo de control de longitud fija | 01047aam a2200337 4500 |
| 005 - FECHA Y HORA DE ACTUALIZACIÓN | |
| campo de control | 20230608165842.0 |
| 008 - LONGITUD FIJA | |
| campo de control de longitud fija | 150722b2011 xxu||||| |||| 00| 0 spa d |
| 041 ## - IDIOMA | |
| Código de idioma del texto/pista de sonido o título separado | Español |
| 082 ## - CLASIFICACIÓN DECIMAL DEWEY | |
| Número de clasificación | 004.65 S182m |
| 100 ## - AUTOR PERSONAL | |
| Nombre de persona | Salvador de la Concha, Rodrigo |
| 100 ## - AUTOR PERSONAL | |
| Nombre de persona | Caballero Carrasco, José |
| 100 ## - AUTOR PERSONAL | |
| Nombre de persona | Castillo Cejudo, María Teresa |
| 100 ## - AUTOR PERSONAL | |
| Nombre de persona | Núñez Arrieta, Miguel |
| 245 ## - TÍTULO PROPIAMENTE DICHO | |
| Título | Manual imprescindible de gestión de redes en PYMES y centros educativos |
| 260 ## - PIE DE IMPRENTA | |
| Lugar de publicación, distribución, etc. | España |
| 260 ## - PIE DE IMPRENTA | |
| Nombre del editor, distribuidor, etc. | ANAYA |
| 260 ## - PIE DE IMPRENTA | |
| Fecha de publicación, distribución, etc. | 2011 |
| 300 ## - DESCRIPCIÓN FÍSICA | |
| Extensión | 448 páginas |
| 650 ## - Materia General | |
| Materia general | REDES DE COMPUTADORES |
| 650 ## - Materia General | |
| Materia general | REDES LOCALES |
| 650 ## - Materia General | |
| Materia general | CONFIGURACIÓN DE REDES |
| 650 ## - Materia General | |
| Materia general | SISTEMAS OPERATIVOS LIBRES |
| 650 ## - Materia General | |
| Materia general | SERVICIOS DE RED |
| 650 ## - Materia General | |
| Materia general | SOFTWARE LIBRE |
| 650 ## - Materia General | |
| Materia general | CONTROL DE EQUIPOS |
| 650 ## - Materia General | |
| Materia general | SEGURIDAD DE REDES |
| 650 ## - Materia General | |
| Materia general | INCIDENCIAS DE RED |
| 650 ## - Materia General | |
| Materia general | EDUCACIÓN DIGITAL |
| 650 ## - Materia General | |
| Materia general | INTERNET |
| 942 ## - Punto de Acceso Adicional Koha | |
| Tipo de ítem Koha | Libro |
| Estado perdido | Estado dañado | No para préstamo | Biblioteca permanente | Biblioteca actual | Signatura completa | Código de barras | Tipo de ítem |
|---|---|---|---|---|---|---|---|
| Departamento de Biblioteca y Documentación Alfonso Chase Brenes | Departamento de Biblioteca y Documentación Alfonso Chase Brenes | 004.65 S182m | 16449 | Libro |